Kraje które chociaż raz brały udział w letnich igrzyskach olimpijskich - Statystyki

Ogólne statystyki
  • Ten quiz został rozwiązany 20 razy
  • Średni wynik to 123 z 189
Statystyki odpowiedzi
Hint Odpowiedź % Poprawnych
Start! Polska
100%
Rosja / ZSRR
94%
Stany Zjednoczone
94%
Brazylia
88%
Japonia
88%
Kanada
88%
Kazachstan
88%
Korea Północna
88%
Korea Południowa
88%
Niemcy / Niemiecka Republika Demokratyczna
88%
Nowa Zelandia
88%
Rosja
88%
Ukraina
88%
Andora
81%
Armenia
81%
Belgia
81%
Białoruś
81%
Czechy / Czechosłowacja
81%
Estonia
81%
Francja
81%
Grecja
81%
Indonezja
81%
Irlandia
81%
Łotwa
81%
Meksyk
81%
Mołdawia
81%
Mongolia
81%
Pakistan
81%
Portugalia
81%
San Marino
81%
Tadżykistan
81%
Urugwaj
81%
Wenezuela
81%
Wielka Brytania
81%
Afganistan
75%
Algieria
75%
Arabia Saudyjska
75%
Argentyna
75%
Austria
75%
Azerbejdżan
75%
Bułgaria
75%
Chile
75%
Dania
75%
Egipt
75%
Finlandia
75%
Haiti
75%
Hiszpania
75%
Irak
75%
Iran
75%
Katar
75%
Kosowo
75%
Kostaryka
75%
Kuba
75%
Liechtenstein
75%
Litwa
75%
Luksemburg
75%
Norwegia
75%
Republika południowej Afryki
75%
Rumunia
75%
Słowacja
75%
Szwajcaria
75%
Szwecja
75%
Turkmenistan
75%
Uzbekistan
75%
Węgry
75%
Włochy
75%
Zjednoczone Emiraty Arabskie
75%
Albania
69%
Chiny
69%
Chorwacja
69%
Czarnogóra
69%
Gruzja
69%
Gwatemala
69%
Gwinea
69%
Holandia
69%
Honduras
69%
Islandia
69%
Jamajka
69%
Jemen
69%
Kamerun
69%
Kirgistan
69%
Kongo
69%
Laos
69%
Liban
69%
Nepal
69%
Niger
69%
Nigeria
69%
Panama
69%
Saint Lucia
69%
Salwador
69%
Serbia
69%
Słowenia
69%
Wietnam
69%
Bahrajn
63%
Benin
63%
Boliwia
63%
Bośnia i Hercegowina
63%
Cypr
63%
Dominika
63%
Dominikana
63%
Ekwador
63%
Etiopia
63%
Gabon
63%
Gujana
63%
Gwinea równikowa
63%
Indie
63%
Macedonia Północna
63%
Madagaskar
63%
Malezja
63%
Maroko
63%
Monako
63%
Oman
63%
Papua-Nowa Gwinea
63%
Paragwaj
63%
Peru
63%
Sudan
63%
Surinam
63%
Tunezja
63%
Turcja / Imperium osmańskie
63%
Zambia
63%
Angola
56%
Belize
56%
Bhutan
56%
Brunei
56%
Burundi
56%
Dżibuti
56%
Erytrea
56%
Fidżi
56%
Filipiny
56%
Ghana
56%
Gwinea Bissau
56%
Jordania
56%
Kuwejt
56%
Lesotho
56%
Malediwy
56%
Mali
56%
Malta
56%
Mozambik
56%
Nikaragua
56%
Samoa
56%
Senegal
56%
Somalia
56%
Sudan Południowy
56%
Syria
56%
Tanzania
56%
Timor Wschodni
56%
Togo
56%
Tuvalu
56%
Uganda
56%
Wyspy Salomona
56%
Zimbabwe / Rodezja
56%
Bangladesz
50%
Czad
50%
Gambia
50%
Kambodża
50%
Kenia
50%
Mauretania
50%
Mauritius
50%
Mikronezja
50%
Namibia
50%
Nauru
50%
Republika Środkowoafrykańska
50%
Saint Kitts i Nevis
50%
Sierra Leone
50%
Singapur
50%
Tonga
50%
Trynidad i Tobago
50%
Vanuatu
50%
Wyspy Marshalla
50%
Antigua i Barbuda
44%
Barbados
44%
Burkina Faso
44%
Grenada
44%
Jugosławia
44%
Mjanma / Birma
44%
Palau
44%
Republika Zielonego Przylądka
44%
Sri Lanka
44%
Tajlandia
44%
Bahamy
38%
Botswana
38%
Kiribati
38%
Komory
38%
Liberia
38%
Rwanda
38%
Wyspy Świętego Tomasza i Książęca
38%
Eswatini
31%
Malawi
31%
Nie znaleziono quizów pasujących do podanych kryteriów
Rozkład punktacji
Procent ludzi z każdym wynikiem
Percentyl według liczby udzielonych odpowiedzi
Twoja historia wyników
Nie rozwiązałeś tego quizu